|
|
|
|
| LEADER |
01214nta a2200265 i 4500 |
| 001 |
dipl86480 |
| 005 |
20240418151028.0 |
| 008 |
200526s2019 hu om 000 hun d |
| 040 |
|
|
|a SZTE Diploma Repozitórium
|b hun
|
| 041 |
|
|
|a hun
|
| 100 |
1 |
|
|a Péter Roland
|
| 245 |
1 |
0 |
|a Interaktív matematikai példatár tervezése és fejlesztése
|h [elektronikus dokumentum] /
|c Roland Péter
|
| 246 |
1 |
0 |
|a Designing and developing an interactive mathematical practice environment
|h [elektronikus dokumentum]
|
| 260 |
|
|
|c 2019
|
| 650 |
|
4 |
|a Természettudományok
|
| 650 |
|
4 |
|a Natural sciences
|
| 650 |
|
4 |
|a Mathematics
|
| 650 |
|
4 |
|a Pure mathematics, applied mathematics
|
| 650 |
|
4 |
|a Computer and information sciences
|
| 650 |
|
4 |
|a Computer sciences, information science and bioinformatics
|
| 650 |
|
4 |
|a E-learning, user modelling, collaborative systems
|
| 700 |
0 |
1 |
|a Németh Tamás
|e ths
|
| 856 |
4 |
0 |
|u https://diploma.bibl.u-szeged.hu/id/eprint/86480/2/2019_peter_roland.pdf
|z Dokumentum-elérés
|
| 856 |
4 |
0 |
|u https://diploma.bibl.u-szeged.hu/id/eprint/86480/8/2019_peter_roland.zip
|z Dokumentum-elérés
|
| 856 |
4 |
0 |
|u https://diploma.bibl.u-szeged.hu/id/eprint/86480/9/2019_peter_roland_biralati_lap.pdf
|z Dokumentum-elérés
|